000 00949nam a22002057a 4500
999 _c18096
_d18096
003 BDDh-ASL
005 20231015025700.0
008 200919b1957 ||||| |||| 00| 0 d
040 _aBDDh-ASL
_cBDDh-ASL
_dBDDh-ASL
041 _abengali
082 _a303.48209
_bSAR
100 _9933
_aশাস্ত্রী, শিবনাথ
245 1 _aরামতনু লাহিড়ী ও তৎকালীন সমাজ ব্যবস্থা/
_cশিবনাথ শাস্ত্রী।
246 _aRamtun Lahiri O Totkalin Bangasamaj.
260 _aকলিকাতা:
_bনিউ এজ পাবলিশার্স প্রাঃ লিঃ,
_c১৯৫৭
300 _a৩৬০ পৃষ্ঠা:
_c২২ সে. মি.।
500 _aনির্ঘন্ট সংযুক্ত।
650 0 _9934
_aরামতনু লাহিড়ী
_xসমাজ ব্যবস্থা
942 _2ddc
_cBK